Sehenswürdigkeiten Afrikas - Statistiken

Allgemein
  • Dieses Quiz wurde 72 mal gespielt
  • Das Durchschnittsergebnis liegt bei 6 aus 10
Antwortstatistiken
Hint Antwort % Korrekt
Marokko Altstadt von Marrakesch
92%
Madagaskar Affenbrotbäume
87%
Südafrika Tafelberg
82%
Tunesien Karthago
72%
Ägypten Abu Simbel
70%
Tansania Serengeti
63%
Äthiopien Felsenkirchen von Lalibela
58%
Algerien Ahaggar
53%
Simbabwe Victoriafälle
52%
Kenia Bogoriasee
17%
Keine übereinstimmenden Quizze gefunden
Verteilung der Resultate
Anzahl Personen mit jedem Resultat
Perzentil nach korrekt beantworteten Fragen
Ihre Resultats-Entwicklung
Sie haben dieses Quiz noch nicht gespielt